| 000 | 00746 a2200205 4500 | ||
|---|---|---|---|
| 020 | _a1584886048 | ||
| 020 | _a9781584886044 | ||
| 082 | 0 | 4 | _a515.35 |
| 090 |
_c346 _d346 |
||
| 100 | _aFavini, Angelo. | ||
| 245 | 1 | 0 |
_aDifferential equations : _binverse and direct problems / _cAngelo Favini, Alfredo Lorenzi. |
| 260 |
_a[S.l.] : _bChapman and Hall/CRC, _c2006. |
||
| 300 |
_a304 p. ; _c26 cm. |
||
| 490 | 1 | _aLecture notes in pure and applied mathematics. | |
| 700 | 1 | _aFavini, Angelo. | |
| 700 | 1 | _aLorenzi, Alfredo. | |
| 830 | 0 | _aLecture notes in pure and applied mathematics. | |
| 942 |
_aSNS _cBK _k515.35 FAV |
||
| 999 |
_c28979 _d28979 |
||